000 00565nam a2200193 a 4500
001 109
003 CO-ViMGA
008 141112s2004 ck r 000 u spa d
040 _aCO-ViMGA
_bspa
_cCO-ViMGA
082 0 4 _aPe861.44 V155
100 1 _aVallejo, Cesar
_911578
245 1 0 _aSombrero, abrigo, guantes y otros /
_cCesar Vallejo
260 _aSantafé de Bogotá :
_bNorma,
_c1992
300 _a111, 84 p
490 _aCara y cruz
500 _aEncuadernado con A propósito de Cesar Vallejo y su obra.
650 1 4 _aPOESIA PERUANA
_911387
942 _2ddc
_cBK
999 _c12361
_d12361